[Event "3. Arber-Open 2014"]
[Site "Bayerisch Eisenstein"]
[Date "2014.08.21"]
[Round "6.19"]
[White "Schulz, Gerhard"]
[Black "Jenisch, Achim"]
[Result "0-1"]
[WhiteElo "1792"]
[BlackElo "1830"]
[PlyCount "90"]
[EventDate "2014.??.??"]
[WhiteTeam "PSV Ludwigslust"]
[BlackTeam "SF Botv. Steinsfurt"]

1. d4 e6 2. e4 d5 3. exd5 exd5 4. Bd3 Nc6 5. c3 Bd6 6. Nf3 Bg4 7. O-O Nge7 8.
Re1 Qd7 9. b4 O-O 10. Bg5 Ng6 11. Nbd2 Nf4 12. Bxf4 Bxf4 13. Qc2 g6 14. h3 Be6
15. b5 Ne7 16. Ne5 Bxe5 17. dxe5 Rfd8 18. Nf3 Rac8 19. a4 c6 20. Qd2 Kg7 21.
Rec1 Bf5 22. Bxf5 Nxf5 23. Nd4 Ne7 24. Qg5 c5 25. Qf6+ Kg8 26. e6 Qe8 27. Qxf7+
Qxf7 28. exf7+ Kxf7 29. Nf3 Kf6 30. Re1 Nf5 31. Re5 d4 32. cxd4 Nxd4 33. Rae1
Nxf3+ 34. gxf3 Rd7 35. Re6+ Kf7 36. R6e4 Rcc7 37. Rc4 b6 38. Kg2 Rd4 39. Rec1
Rxc4 40. Rxc4 Rd7 41. Kf1 Ke6 42. Ke2 Ke5 43. Re4+ Kf5 44. Ke3 Rd1 45. Re7 Re1+
0-1

[Event "3. Arber-Open 2014"]
[Site "Bayerisch Eisenstein"]
[Date "2014.08.21"]
[Round "6.20"]
[White "Schumacher, Ralph"]
[Black "Weiland, Thomas"]
[Result "1/2-1/2"]
[WhiteElo "1606"]
[BlackElo "1889"]
[PlyCount "123"]
[EventDate "2014.??.??"]
[WhiteTeam "SFB Steinsfurt"]
[BlackTeam "SV Oberursel"]

1. d4 f5 2. Bf4 Nf6 3. e3 g6 4. Bd3 Bg7 5. c3 d6 6. Nf3 c6 7. Nbd2 a5 8. Qc2
Na6 9. e4 e6 10. Bg5 Qc7 11. h3 Bd7 12. Bf4 b5 13. a3 Nh5 14. Bh2 c5 15. g4
fxg4 16. hxg4 Nf6 17. e5 Nxg4 18. Bxg6+ Kd8 19. exd6 Qb7 20. Qe4 Qxe4+ 21. Bxe4
Ra7 22. Ne5 Nxe5 23. Bxe5 Be8 24. Ke2 c4 25. Rag1 Bxe5 26. dxe5 Nc5 27. Rh6 Rf7
28. Rg3 Rhf8 29. f3 Bd7 30. Ke3 Na4 31. Rxh7 Rxh7 32. Bxh7 Nxb2 33. Bc2 Bc6 34.
Ne4 Rh8 35. Nf6 Kc8 36. Rg8+ Rxg8 37. Nxg8 Kb7 38. Ne7 Bd7 39. f4 Kb6 40. f5
exf5 41. Bxf5 Bxf5 42. Nxf5 Nd3 43. Kd4 Nf4 44. Ne7 Ne2+ 45. Kd5 Nxc3+ 46. Ke6
Ne4 47. Nd5+ Kc6 48. d7 Nc5+ 49. Ke7 Nxd7 50. e6 Nc5 51. Nc3 b4 52. axb4 axb4
53. Na2 b3 54. Nc3 Nxe6 55. Kxe6 Kc5 56. Ke5 Kb4 57. Kd4 b2 58. Nb1 Kb3 59.
Nd2+ Kb4 60. Nb1 Kb3 61. Nd2+ Kc2 62. Nxc4 1/2-1/2

[Event "3. Arber-Open 2014"]
[Site "Bayerisch Eisenstein"]
[Date "2014.08.21"]
[Round "6.21"]
[White "Kronschnabl, Matthias"]
[Black "Bergmann, Reiner"]
[Result "1/2-1/2"]
[WhiteElo "1300"]
[BlackElo "1851"]
[PlyCount "36"]
[EventDate "2014.??.??"]
[WhiteTeam "SC Bayerwald"]
[BlackTeam "SC Bayerwald"]

1. d4 Nf6 2. Nf3 g6 3. Bf4 Bg7 4. h3 O-O 5. e3 d6 6. Bd3 Nd5 7. Bh2 c5 8. c3
cxd4 9. cxd4 Nb4 10. O-O Nxd3 11. Qxd3 Nc6 12. Nc3 Bd7 13. a3 Rc8 14. Rac1 a6
15. Rfd1 Qa5 16. Rd2 Qh5 17. Ne2 Qa5 18. Nc3 Qh5 1/2-1/2

[Event "3. Arber-Open 2014"]
[Site "Bayerisch Eisenstein"]
[Date "2014.08.21"]
[Round "6.22"]
[White "Kleinhenz, Hans-Georg"]
[Black "Staudinger, Simon"]
[Result "1-0"]
[WhiteElo "1837"]
[BlackElo "1616"]
[PlyCount "59"]
[EventDate "2014.??.??"]
[WhiteTeam "Stolberger SV 1927"]
[BlackTeam "SC Sonnen 1986"]

1. d4 d5 2. c4 e6 3. g3 c5 4. cxd5 exd5 5. Nf3 Nc6 6. Bg2 Nf6 7. O-O Be7 8. Nc3
O-O 9. dxc5 d4 10. Nb5 Bxc5 11. b3 Qb6 12. Na3 Be6 13. Nc4 Bxc4 14. bxc4 h6 15.
Ne1 Rfd8 16. Nd3 Bd6 17. Bd2 Rac8 18. Qa4 Qa6 19. Qxa6 bxa6 20. c5 Be7 21. Rab1
Nb8 22. Rfc1 Nd5 23. Ba5 Nc3 24. Rb2 Re8 25. Bb7 Bxc5 26. Bxc8 Rxc8 27. Nxc5
Rxc5 28. Rxb8+ Kh7 29. Bxc3 dxc3 30. Rc2 1-0

[Event "3. Arber-Open 2014"]
[Site "Bayerisch Eisenstein"]
[Date "2014.08.21"]
[Round "6.23"]
[White "Drews, Rüdiger"]
[Black "Weidenhöfer, Robert"]
[Result "1/2-1/2"]
[WhiteElo "1899"]
[BlackElo "1718"]
[PlyCount "110"]
[EventDate "2014.??.??"]
[WhiteTeam "Mosbacher SC von 1931"]
[BlackTeam "SW Nürnberg Süd e.V."]

1. d4 b6 2. c4 Bb7 3. Nc3 e6 4. a3 Nf6 5. Qc2 c5 6. dxc5 Bxc5 7. Nf3 O-O 8. b4
Be7 9. Bf4 d5 10. e3 Qc8 11. Nb5 Na6 12. Bd6 Qd7 13. Bxe7 Qxe7 14. Be2 Rfc8 15.
Qb3 dxc4 16. Bxc4 Bxf3 17. gxf3 Nc7 18. Nd4 Ncd5 19. O-O Rc7 20. Rfc1 Rac8 21.
Ne2 Qd6 22. Ba6 Rxc1+ 23. Rxc1 Rxc1+ 24. Nxc1 Qc6 25. Qc4 Qxc4 26. Bxc4 Kf8 27.
Ne2 Ke7 28. Nd4 Kf8 29. Nc6 Nc3 30. Nxa7 Nb1 31. a4 Nd2 32. Be2 Nd5 33. a5 bxa5
34. bxa5 Ke8 35. a6 Kd7 36. Nb5 Nc7 37. a7 Na8 38. Kg2 h6 39. Kg3 Kc6 40. Kf4
f6 41. Nd4+ Kb6 42. Nxe6 g6 43. Nf8 Kxa7 44. Nxg6 Nc7 45. Kf5 Nd5 46. Ke6 Nc3
47. Bd3 Nxf3 48. Kxf6 Nxh2 49. Ne5 Nd1 50. f4 Nxe3 51. Kg6 Kb6 52. Kxh6 Nhg4+
53. Nxg4 Nxg4+ 54. Kg5 Ne3 55. Kg6 Kc5 1/2-1/2

[Event "3. Arber-Open 2014"]
[Site "Bayerisch Eisenstein"]
[Date "2014.08.21"]
[Round "6.24"]
[White "Schröder, Stefan"]
[Black "Fernandez-Alvarez, Raul"]
[Result "1/2-1/2"]
[WhiteElo "1845"]
[BlackElo "1723"]
[PlyCount "70"]
[EventDate "2014.??.??"]
[WhiteTeam "Airbus Helicopters SG"]
[BlackTeam "SG Schw München Nord e.V."]

1. d4 d5 2. Nf3 Nf6 3. e3 e6 4. Bd3 c5 5. c3 Nc6 6. Nbd2 Bd6 7. dxc5 Bxc5 8.
O-O O-O 9. e4 dxe4 10. Nxe4 Nxe4 11. Bxe4 Qc7 12. Bxh7+ Kxh7 13. Ng5+ Kg6 14.
Qd3+ f5 15. Qh3 Be7 16. Qh7+ Kf6 17. Qh5 Bd6 18. Nh7+ Ke7 19. Bg5+ Rf6 20. Qg6
Kd8 21. Nxf6 gxf6 22. Bxf6+ Kd7 23. Rad1 Ne7 24. Qf7 Kc6 25. Rxd6+ Kxd6 26.
Bxe7+ Kc6 27. Rd1 b6 28. Qe8+ Kb7 29. h4 Ka6 30. h5 Qf4 31. Qc6 Bb7 32. Qxe6
Qg4 33. f3 Bxf3 34. Rd2 Rg8 35. Qd6 Bxg2 1/2-1/2

[Event "3. Arber-Open 2014"]
[Site "Bayerisch Eisenstein"]
[Date "2014.08.21"]
[Round "6.25"]
[White "Fäth, Christian"]
[Black "Ranker, Klemens"]
[Result "1/2-1/2"]
[WhiteElo "1070"]
[BlackElo "1925"]
[PlyCount "37"]
[EventDate "2014.??.??"]
[WhiteTeam "SF Sailauf"]
[BlackTeam "SC Hauptstuhl"]

1. d4 d5 2. c4 c6 3. e3 Nf6 4. Nc3 g6 5. Bd3 Bg7 6. Nge2 O-O 7. O-O dxc4 8.
Bxc4 Nbd7 9. Bd2 Nb6 10. Bb3 Re8 11. Rc1 e5 12. dxe5 Rxe5 13. f4 Re7 14. Ng3
Bg4 15. Qc2 Nbd5 16. Nxd5 Nxd5 17. e4 Nf6 18. Kh1 Be6 19. Bxe6 1/2-1/2

[Event "3. Arber-Open 2014"]
[Site "Bayerisch Eisenstein"]
[Date "2014.08.21"]
[Round "6.26"]
[White "Blank, Stefan"]
[Black "Flemming, Klaus"]
[Result "1/2-1/2"]
[WhiteElo "1838"]
[BlackElo "1766"]
[PlyCount "111"]
[EventDate "2014.??.??"]
[WhiteTeam "SC Sulzbach"]
[BlackTeam "vereinslos"]

1. e4 e6 2. d3 d5 3. Nd2 c5 4. Ngf3 Nc6 5. g3 b5 6. Bg2 Bb7 7. O-O Be7 8. Re1
Nf6 9. e5 Nd7 10. c3 Nb6 11. h4 h6 12. Nf1 d4 13. Bf4 Nd5 14. cxd4 Nxf4 15.
gxf4 cxd4 16. h5 Nb4 17. a3 Bxf3 18. Bxf3 Nd5 19. Qb3 Rb8 20. Bxd5 exd5 21.
Rac1 Qd7 22. Ng3 O-O 23. f5 Bh4 24. e6 fxe6 25. fxe6 Qd6 26. Qc2 Rbe8 27. Qc7
Rxe6 28. Qxd6 Rxd6 29. Rc7 Rdf6 30. Ree7 R6f7 31. Rxf7 Rxf7 32. Rc8+ Kh7 33.
Kg2 Rb7 34. Nf5 Bf6 35. Nd6 Rb6 36. Nf7 g6 37. hxg6+ Kxg6 38. Nd8 a5 39. Nc6 a4
40. Nb4 Bg5 41. Nxd5 Rb7 42. Rc6+ Kf5 43. f4 Be7 44. Rxh6 b4 45. Nxe7+ Rxe7 46.
axb4 Re2+ 47. Kf3 Re3+ 48. Kf2 Rxd3 49. Ra6 Rb3 50. Rxa4 Kxf4 51. Ke2 Ke4 52.
Kd2 Rxb2+ 53. Kc1 Rh2 54. b5 Kd5 55. b6 Kc6 56. Rxd4 1/2-1/2

[Event "3. Arber-Open 2014"]
[Site "Bayerisch Eisenstein"]
[Date "2014.08.21"]
[Round "6.27"]
[White "Rösch, David"]
[Black "Reinhardt, Michael"]
[Result "1-0"]
[WhiteElo "1337"]
[BlackElo "1847"]
[PlyCount "71"]
[EventDate "2014.??.??"]
[WhiteTeam "SC Bayerwald"]
[BlackTeam "TuS Hartha"]

1. e4 c6 2. Nf3 d5 3. exd5 cxd5 4. d4 Bg4 5. Be2 Nf6 6. Bf4 e6 7. O-O Be7 8.
Nbd2 Nc6 9. h3 Bh5 10. g4 Bg6 11. Nh4 Qd7 12. Nxg6 hxg6 13. Nf3 Ne4 14. Nh2 g5
15. f3 gxf4 16. fxe4 dxe4 17. Rxf4 Qd6 18. Qf1 Bg5 19. Rxe4 Qg3+ 20. Qg2 Qc7
21. Nf3 Bf4 22. Bd3 Ne7 23. Ne5 g5 24. h4 f6 25. Nf3 Kf7 26. hxg5 Rag8 27. Rae1
e5 28. dxe5 Qc5+ 29. Qf2 Qxf2+ 30. Kxf2 fxg5 31. Bc4+ Kg7 32. Bxg8 Rxg8 33. Nd4
Kf7 34. Rh1 Kg6 35. Ne6 Bd2 36. Rd4 1-0

[Event "3. Arber-Open 2014"]
[Site "Bayerisch Eisenstein"]
[Date "2014.08.21"]
[Round "6.28"]
[White "Hubel, Hans-Martin"]
[Black "Bangert, Ruediger"]
[Result "1-0"]
[WhiteElo "1795"]
[BlackElo "1626"]
[PlyCount "113"]
[EventDate "2014.??.??"]
[WhiteTeam "SF Birkenfeld"]
[BlackTeam "vereinslos"]

1. e4 d6 2. d4 Nf6 3. Nc3 g6 4. Be2 Bg7 5. h4 h5 6. Nh3 b6 7. Bf3 c6 8. Bf4 Bb7
9. e5 Nd5 10. Nxd5 cxd5 11. e6 fxe6 12. Qd3 Kd7 13. O-O-O Qe8 14. Rhe1 Bf6 15.
Bg5 Nc6 16. c3 Bxg5+ 17. hxg5 Rf8 18. Rd2 a5 19. Bd1 Ba6 20. Qe3 e5 21. dxe5
Nxe5 22. Rxd5 Kc7 23. f4 Nc4 24. Qxe7+ Qxe7 25. Rxe7+ Kd8 26. Rg7 a4 27. Bxa4
b5 28. Bxb5 Bxb5 29. Rxb5 Re8 30. Rbb7 Re1+ 31. Kc2 d5 32. Rg8+ Re8 33. Rxe8+
Kxe8 34. a3 Kf8 35. Kd3 Re8 36. Ng1 Re4 37. Ne2 Re3+ 38. Kd4 Rxe2 39. Kxd5 Nxb2
40. f5 gxf5 41. g6 Rxg2 42. Rf7+ Kg8 43. Rxf5 Nd3 44. Kd4 Rg3 45. Rxh5 Kg7 46.
Rb5 Nf4 47. a4 Rxg6 48. a5 Ne6+ 49. Kc4 Nd8 50. Rd5 Nc6 51. Rd7+ Kf8 52. Kb5
Ke8 53. Rh7 Kd8 54. a6 Nb8 55. a7 Rg5+ 56. Ka4 Kc8 57. Rh8+ 1-0

[Event "3. Arber-Open 2014"]
[Site "Bayerisch Eisenstein"]
[Date "2014.08.22"]
[Round "7.1"]
[White "Hausner, Ivan"]
[Black "Prusikin, Michael"]
[Result "1/2-1/2"]
[WhiteElo "2350"]
[BlackElo "2524"]
[PlyCount "105"]
[EventDate "2014.??.??"]
[WhiteTeam "SK 1908 Göggingen"]
[BlackTeam "TV Tegernsee"]

1. c4 e5 2. Nc3 Nc6 3. Nf3 f5 4. d3 Nf6 5. g3 Bb4 6. Bd2 O-O 7. Bg2 d6 8. Nd5
Bxd2+ 9. Qxd2 Ne7 10. Nxf6+ Rxf6 11. c5 Bd7 12. cxd6 cxd6 13. Rc1 Bc6 14. O-O
Qb6 15. Rc3 Raf8 16. Rb3 Qd8 17. Ne1 f4 18. d4 e4 19. gxf4 Rxf4 20. f3 Bd5 21.
Re3 exf3 22. Bxf3 Qb6 23. Bxd5+ Nxd5 24. Ref3 Rg4+ 25. Kh1 Rxf3 26. Nxf3 Nf6
27. Qc2 Qb5 28. Qc8+ Qe8 29. Rc1 h6 30. Qxe8+ Nxe8 31. Rc8 Re4 32. Rc2 Kf7 33.
Kg1 g5 34. h3 Nf6 35. Kf2 Nd5 36. Rc8 Nf4 37. Rc7+ Re7 38. Rxe7+ Kxe7 39. h4
gxh4 40. Nxh4 Kf6 41. e4 Nd3+ 42. Kf3 h5 43. Nf5 d5 44. Nd6 dxe4+ 45. Kxe4 Nxb2
46. Nxb7 Nd1 47. Na5 Nc3+ 48. Kf3 Nxa2 49. Nc6 a6 50. d5 Nc3 51. d6 Ke6 52. d7
Kxd7 53. Nb8+ 1/2-1/2

[Event "3. Arber-Open 2014"]
[Site "Bayerisch Eisenstein"]
[Date "2014.08.22"]
[Round "7.2"]
[White "Möhn, Hans"]
[Black "Jansa, Vlastimil"]
[Result "0-1"]
[WhiteElo "2226"]
[BlackElo "2438"]
[PlyCount "74"]
[EventDate "2014.??.??"]
[WhiteTeam "USV TU Dresden"]
[BlackTeam "SC Forchheim e.V."]

1. Nf3 g6 2. c4 Bg7 3. Nc3 c5 4. g3 Nc6 5. Bg2 e5 6. O-O d6 7. a3 Qa5 8. Ne1
Nge7 9. Nc2 Rb8 10. Rb1 Be6 11. Ne3 h5 12. Ned5 h4 13. d3 hxg3 14. fxg3 Nf5 15.
Ne4 Bxd5 16. cxd5 Nce7 17. Bg5 Qc7 18. Nf6+ Bxf6 19. Bxf6 Rh7 20. Bg5 b5 21.
Qe1 a5 22. e3 Ng8 23. g4 Nfh6 24. h3 f5 25. d4 Nf7 26. h4 Nxg5 27. hxg5 cxd4
28. exd4 Qa7 29. Rd1 Ne7 30. Rf2 e4 31. gxf5 gxf5 32. Bxe4 fxe4 33. Qxe4 Rg7
34. Qf4 Kd7 35. Re1 Rbg8 36. Qg4+ Kd8 37. Re6 Qd7 0-1

[Event "3. Arber-Open 2014"]
[Site "Bayerisch Eisenstein"]
[Date "2014.08.22"]
[Round "7.3"]
[White "Höfelsauer, Thomas"]
[Black "Miesbauer, Jan"]
[Result "1/2-1/2"]
[WhiteElo "2257"]
[BlackElo "2006"]
[PlyCount "90"]
[EventDate "2014.??.??"]
[WhiteTeam "SK München SO"]
[BlackTeam "SC Bayerwald Regen/Zwiesel e.V."]

1. d4 Nf6 2. c4 g6 3. g3 Bg7 4. Bg2 d6 5. Nf3 O-O 6. Nc3 Nbd7 7. O-O e5 8. e4
exd4 9. Nxd4 Re8 10. h3 Nc5 11. Re1 a5 12. Ndb5 Nfd7 13. f4 a4 14. Be3 a3 15.
b4 Na6 16. Qb3 Nb6 17. Rad1 Qe7 18. Bf2 Be6 19. Nd5 Qd8 20. e5 Nxd5 21. cxd5
Bd7 22. Nxa3 dxe5 23. b5 Nb8 24. fxe5 Rxe5 25. Rxe5 Bxe5 26. Nc4 Bg7 27. d6 c6
28. Nb6 Be6 29. Qe3 Rxa2 30. d7 Ra1 31. Rxa1 Bxa1 32. bxc6 bxc6 33. Qa3 Bf6 34.
Qa8 Nxd7 35. Qxc6 Nxb6 36. Qxb6 Qxb6 37. Bxb6 Be5 38. Kf2 h5 39. h4 Kg7 40. Be3
Bg4 41. Bg5 Bd4+ 42. Be3 Bxe3+ 43. Kxe3 f6 44. Kf4 Kh6 45. Bc6 g5+ 1/2-1/2

[Event "3. Arber-Open 2014"]
[Site "Bayerisch Eisenstein"]
[Date "2014.08.22"]
[Round "7.4"]
[White "Kuba, Stanislav"]
[Black "Zepke, Armin"]
[Result "1-0"]
[WhiteElo "2137"]
[BlackElo "2105"]
[PlyCount "107"]
[EventDate "2014.??.??"]
[WhiteTeam "SC Furth im Wald"]
[BlackTeam "SC Bayerwald"]

1. g3 d5 2. Bg2 c6 3. Nf3 Bf5 4. O-O e6 5. d4 Nf6 6. b3 h6 7. Bb2 Nbd7 8. Nbd2
Be7 9. c4 Ne4 10. Ne1 O-O 11. Nxe4 dxe4 12. Nc2 Nf6 13. Ne3 Bh7 14. Qc2 a5 15.
a3 b5 16. a4 bxa4 17. bxa4 Qc7 18. Rab1 Rfb8 19. Bc3 Bd8 20. Rfc1 Ra7 21. Rxb8
Qxb8 22. Rb1 Rb7 23. Rxb7 Qxb7 24. Kf1 c5 25. Qb2 Qxb2 26. Bxb2 Nd7 27. d5 Nb6
28. Bh3 exd5 29. cxd5 Nxa4 30. Ba3 g6 31. Bd7 Nb6 32. Bc6 c4 33. Bc5 c3 34. Ke1
f5 35. Kd1 g5 36. Kc2 f4 37. Ng4 h5 38. Ne5 e3+ 39. Kxc3 Be4 40. f3 Bf6 41. Kd4
fxg3 42. hxg3 Bxf3 43. Bxb6 Bxe2 44. Ke4 h4 45. gxh4 gxh4 46. d6 h3 47. Kf5 Kg7
48. Bxe3 h2 49. Bh6+ Kxh6 50. Kxf6 Bb5 51. Bd5 Be8 52. Ke7 Bb5 53. Nc6 Bc4 54.
Bh1 1-0

[Event "3. Arber-Open 2014"]
[Site "Bayerisch Eisenstein"]
[Date "2014.08.22"]
[Round "7.5"]
[White "Cap, Adam"]
[Black "Waddington, Mike P"]
[Result "1-0"]
[WhiteElo "2080"]
[BlackElo "2085"]
[PlyCount "81"]
[EventDate "2014.??.??"]
[WhiteTeam "SK Kladno"]
[BlackTeam "Dorchester"]

1. e4 e5 2. Nf3 Nc6 3. Bb5 Nf6 4. O-O Bc5 5. d3 d6 6. h3 O-O 7. c3 Bb6 8. Nbd2
Ne7 9. Nc4 Ng6 10. Re1 c6 11. Nxb6 axb6 12. Bc4 b5 13. Bb3 Be6 14. d4 Bxb3 15.
Qxb3 Qe7 16. d5 Ra4 17. Bg5 h6 18. Bxf6 Qxf6 19. Re3 Nf4 20. Kh2 g5 21. g3 Ng6
22. Kg2 Rfa8 23. a3 Nf8 24. Nd2 Nd7 25. Qd1 Nc5 26. b4 Nd7 27. dxc6 bxc6 28. c4
Nf8 29. cxb5 cxb5 30. Qe2 Rxb4 31. axb4 Rxa1 32. Qxb5 Ra2 33. Qd5 Rb2 34. b5
Ne6 35. Rf3 Qg6 36. Nc4 Rb1 37. Qa8+ Kg7 38. b6 Nf4+ 39. Kh2 Qh5 40. g4 Qh4 41.
Nxd6 1-0

[Event "3. Arber-Open 2014"]
[Site "Bayerisch Eisenstein"]
[Date "2014.08.22"]
[Round "7.6"]
[White "Ptacnik, Stanislav"]
[Black "Schleich, Theodor"]
[Result "0-1"]
[WhiteElo "2091"]
[BlackElo "2035"]
[PlyCount "86"]
[EventDate "2014.??.??"]
[BlackTeam "SK Siemens München"]

1. e4 c5 2. Nf3 e6 3. b3 a6 4. Bb2 Nc6 5. g3 Nf6 6. e5 Ng4 7. h3 Nh6 8. Bg2 Be7
9. Qe2 O-O 10. Nc3 f6 11. exf6 Bxf6 12. O-O-O Nf5 13. h4 Nfd4 14. Nxd4 Nxd4 15.
Qh5 d5 16. Rde1 Nb5 17. f4 Bd4 18. Bh3 Rf6 19. Nd1 Bxb2+ 20. Nxb2 Bd7 21. Qe5
Qa5 22. a4 Nd4 23. Qe3 b5 24. b4 Qxb4 25. Qc3 bxa4 26. Nd3 Qb5 27. Nxc5 Rb8 28.
d3 Nf3 29. Kd1 Nxe1 30. Rxe1 Qc6 31. Kd2 Bc8 32. f5 exf5 33. Qe5 Rb5 34. d4
Rxc5 35. dxc5 Qxc5 36. Bg2 Qb4+ 37. Kd1 Rf8 38. Bxd5+ Kh8 39. Qe8 h6 40. Qe5
Rd8 41. c4 a3 42. Kc1 Bb7 43. Re2 Bxd5 0-1

[Event "3. Arber-Open 2014"]
[Site "Bayerisch Eisenstein"]
[Date "2014.08.22"]
[Round "7.7"]
[White "Gil, Arthur"]
[Black "Haman, Jakub"]
[Result "0-1"]
[WhiteElo "2032"]
[BlackElo "2181"]
[PlyCount "54"]
[EventDate "2014.??.??"]
[WhiteTeam "SU Ebersberg-Grafing"]
[BlackTeam "SK Kladno"]

1. e4 d6 2. d4 Nf6 3. Nc3 g6 4. Bg5 Bg7 5. Qd2 h6 6. Bh4 g5 7. Bg3 Nh5 8. O-O-O
e6 9. Kb1 Nc6 10. d5 Ne5 11. Nf3 Nxg3 12. hxg3 Nxf3 13. gxf3 Bd7 14. Nb5 O-O
15. Nd4 Qf6 16. Bh3 c5 17. dxc6 bxc6 18. c3 Rab8 19. Ka1 c5 20. Nb3 Ba4 21. f4
Bxb3 22. fxg5 hxg5 23. e5 Qxe5 24. axb3 Rxb3 25. f4 Qe4 26. Qd3 Qa4+ 27. Kb1
Bxc3 0-1

[Event "3. Arber-Open 2014"]
[Site "Bayerisch Eisenstein"]
[Date "2014.08.22"]
[Round "7.8"]
[White "Meertens, Martin"]
[Black "Reuter, Roland"]
[Result "1-0"]
[WhiteElo "2168"]
[BlackElo "2007"]
[PlyCount "79"]
[EventDate "2014.??.??"]
[WhiteTeam "Klub Kölner SF e.V. 1"]
[BlackTeam "SK Schwabach 1907 e.V."]

1. e4 c5 2. Nf3 Nc6 3. d4 cxd4 4. Nxd4 Nf6 5. Nc3 d6 6. Bg5 Qb6 7. Nb3 Bd7 8.
Be3 Qd8 9. f3 g6 10. g4 Bg7 11. h4 h5 12. g5 Nh7 13. Qd2 Rc8 14. O-O-O Ne5 15.
Nd4 O-O 16. Kb1 a6 17. f4 Ng4 18. Bg1 Re8 19. Bd3 Nf8 20. f5 Qa5 21. Nd5 Qxd2
22. Rxd2 Bc6 23. Nxc6 Rxc6 24. a3 Nd7 25. Be2 Nde5 26. b3 Kf8 27. Bd4 gxf5 28.
exf5 f6 29. Nf4 Rec8 30. Nxh5 Kf7 31. Rg1 Nh2 32. Bxe5 dxe5 33. Rg2 e4 34. Rxh2
e3 35. Rd1 fxg5 36. Bc4+ Rxc4 37. bxc4 Bc3 38. hxg5 Rh8 39. g6+ Ke8 40. g7 1-0

[Event "3. Arber-Open 2014"]
[Site "Bayerisch Eisenstein"]
[Date "2014.08.22"]
[Round "7.9"]
[White "Gschwendtner, Stanislav"]
[Black "Herbold, Manfred"]
[Result "0-1"]
[WhiteElo "1987"]
[BlackElo "2147"]
[PlyCount "76"]
[EventDate "2014.??.??"]
[WhiteTeam "SC Bayerwald"]
[BlackTeam "TSV Hütschenhausen"]

1. c4 {[%emt 0:00:00]} e5 2. g3 Nf6 3. Bg2 c6 4. d4 exd4 5. Qxd4 d5 6. Bg5 Be7
7. Nf3 dxc4 8. Qxc4 O-O 9. O-O Be6 10. Qc2 h6 11. Rd1 Qa5 12. Bd2 Qh5 13. Nc3
Na6 14. b3 Bf5 15. Qb2 Rfe8 16. Be1 Nc5 17. b4 Nce4 18. Nd4 Nxc3 19. Bxc3 Bh3
20. Nf3 Bxg2 21. Kxg2 Rad8 22. Bd4 Qb5 23. Rab1 b6 24. Qc2 Rc8 25. a4 Qa6 26.
Ba1 b5 27. axb5 cxb5 28. Qb3 Qb7 29. Kg1 Bd8 30. Ne5 Re6 31. e3 Bb6 32. Rd3
Rce8 33. f4 h5 34. Bd4 Ng4 35. Nxg4 hxg4 36. Be5 Qe4 37. Re1 Kh7 38. Bd4 Bxd4
0-1

[Event "3. Arber-Open 2014"]
[Site "Bayerisch Eisenstein"]
[Date "2014.08.22"]
[Round "7.10"]
[White "Johanssen, Torsten"]
[Black "Pliev, Vladimir"]
[Result "1/2-1/2"]
[WhiteElo "1915"]
[BlackElo "2011"]
[PlyCount "85"]
[EventDate "2014.??.??"]
[WhiteTeam "vereinslos"]

1. c4 Nf6 2. Nc3 d5 3. cxd5 Nxd5 4. Nf3 g6 5. e4 Nxc3 6. bxc3 Bg7 7. Ba3 O-O 8.
d4 c6 9. Bc4 Nd7 10. O-O b5 11. Bb3 a5 12. Re1 a4 13. Bc2 Re8 14. e5 Nb6 15.
Be4 Nd5 16. Rc1 Ba6 17. Qd2 Rc8 18. Bc5 e6 19. Bd3 Nb6 20. Rb1 Nd5 21. g3 Qa5
22. Rec1 Rb8 23. c4 Qxd2 24. Nxd2 bxc4 25. Rxb8 Rxb8 26. Bxc4 Bb5 27. Ne4 h5
28. Rb1 Bf8 29. Bd6 Bxd6 30. Nxd6 Nc3 31. Rb4 Rd8 32. a3 Bxc4 33. Rxc4 Nb5 34.
Rxa4 Nxd6 35. exd6 Rxd6 36. Rc4 Rd5 37. Kf1 Ra5 38. a4 Kf8 39. Ke2 Ke7 40. Kd3
Kd6 41. f4 h4 42. g4 f6 43. h3 1/2-1/2

[Event "3. Arber-Open 2014"]
[Site "Bayerisch Eisenstein"]
[Date "2014.08.22"]
[Round "7.11"]
[White "Grod, Andreas"]
[Black "Kolb, Wolfgang"]
[Result "0-1"]
[WhiteElo "2018"]
[BlackElo "2064"]
[PlyCount "56"]
[EventDate "2014.??.??"]
[WhiteTeam "SF Sailauf"]
[BlackTeam "SK Königsbrunn"]

1. e4 d5 2. exd5 Qxd5 3. Nc3 Qa5 4. Nf3 Nf6 5. d3 Bg4 6. Be2 c6 7. O-O Nbd7 8.
h3 Bh5 9. Re1 e6 10. Nd4 Bg6 11. Bd2 Qb6 12. Nb3 Be7 13. Bf4 O-O 14. Bf3 a5 15.
Rb1 a4 16. Nd2 Qd8 17. Nc4 Nd5 18. Nxd5 cxd5 19. Ne5 Nxe5 20. Bxe5 Bd6 21. c3
Bxe5 22. Rxe5 Qc7 23. Re3 a3 24. Qb3 Rfc8 25. bxa3 Qxc3 26. Qxb7 Qxa3 27. Rb2
Qd6 28. Be2 Rcb8 0-1

[Event "3. Arber-Open 2014"]
[Site "Bayerisch Eisenstein"]
[Date "2014.08.22"]
[Round "7.12"]
[White "Strasil, Pavel"]
[Black "Grabmeier, Johannes"]
[Result "1/2-1/2"]
[WhiteElo "2132"]
[BlackElo "1914"]
[PlyCount "36"]
[EventDate "2014.??.??"]
[BlackTeam "SV Deggendorf"]

1. e4 b6 2. d4 Bb7 3. Bd3 Nf6 4. Nc3 e6 5. Nf3 c5 6. O-O cxd4 7. Nxd4 Nc6 8.
Nxc6 dxc6 9. Qe2 Qc7 10. a4 a5 11. f4 O-O-O 12. Be3 Nd7 13. e5 g6 14. Ne4 h6
15. Rad1 Be7 16. Ba6 Nb8 17. Bc4 Rxd1 18. Rxd1 Rd8 1/2-1/2

[Event "3. Arber-Open 2014"]
[Site "Bayerisch Eisenstein"]
[Date "2014.08.22"]
[Round "7.13"]
[White "Kottmair, Toni"]
[Black "Kleinhenz, Hans-Georg"]
[Result "1-0"]
[WhiteElo "2259"]
[BlackElo "1837"]
[PlyCount "45"]
[EventDate "2014.??.??"]
[WhiteTeam "SK Königsbrunn"]
[BlackTeam "Stolberger SV 1927"]

1. e4 e6 2. d4 d5 3. Nc3 Bb4 4. e5 c5 5. Bd2 cxd4 6. Nb5 Bf8 7. Nf3 a6 8. Nbxd4
Ne7 9. Bb4 Ng6 10. Bxf8 Kxf8 11. Bd3 Nd7 12. Bxg6 hxg6 13. Qe2 Qc7 14. O-O-O b5
15. Kb1 b4 16. Qd2 Qb6 17. Qf4 Nc5 18. Ng5 Ra7 19. h4 Re7 20. Rh3 Bd7 21. Rdh1
Ne4 22. Qe3 Bc6 23. Ndxe6+ 1-0

[Event "3. Arber-Open 2014"]
[Site "Bayerisch Eisenstein"]
[Date "2014.08.22"]
[Round "7.14"]
[White "Bader, Gerd"]
[Black "Strangmueller, Andreas"]
[Result "1-0"]
[WhiteElo "2011"]
[BlackElo "2005"]
[PlyCount "57"]
[EventDate "2014.??.??"]
[WhiteTeam "SG Schwäbisch Gmünd 1872 e.V"]
[BlackTeam "SK Landshut"]

1. Nf3 d5 2. d3 c5 3. Nbd2 Nc6 4. e4 e6 5. g3 g6 6. Bg2 Bg7 7. O-O Nge7 8. exd5
exd5 9. d4 cxd4 10. Nb3 Bg4 11. Qd3 Bxf3 12. Bxf3 O-O 13. Bg2 Qb6 14. Bg5 h6
15. Bf4 Nb4 16. Qd1 Rac8 17. Re1 Nf5 18. Re2 Rfd8 19. Bh3 Rc6 20. Bxf5 gxf5 21.
Be5 Bxe5 22. Rxe5 Rxc2 23. Nxd4 Rxb2 24. Rxf5 Nxa2 25. Rf4 Nc3 26. Qf3 Ne4 27.
Qg4+ Qg6 28. Qh4 Kh7 29. Qxd8 1-0

[Event "3. Arber-Open 2014"]
[Site "Bayerisch Eisenstein"]
[Date "2014.08.22"]
[Round "7.15"]
[White "Jenisch, Achim"]
[Black "Völz, Stephan"]
[Result "1/2-1/2"]
[WhiteElo "1830"]
[BlackElo "1946"]
[PlyCount "30"]
[EventDate "2014.??.??"]
[WhiteTeam "SF Botv. Steinsfurt"]
[BlackTeam "Muldental Wilkau-Haßlau"]

1. d4 Nf6 2. Nf3 d5 3. c4 e6 4. g3 c6 5. Bg2 Nbd7 6. O-O Bd6 7. Nc3 O-O 8. Nd2
Re8 9. e4 dxe4 10. Ndxe4 Be7 11. Bf4 Nxe4 12. Nxe4 Nf6 13. Qd3 Nh5 14. Be3 f5
15. Nc3 e5 1/2-1/2

[Event "3. Arber-Open 2014"]
[Site "Bayerisch Eisenstein"]
[Date "2014.08.22"]
[Round "7.16"]
[White "Moutaqi, Sandra"]
[Black "Leeb, Jonas"]
[Result "1/2-1/2"]
[WhiteElo "2069"]
[BlackElo "1897"]
[PlyCount "43"]
[EventDate "2014.??.??"]
[WhiteTeam "PSV Ludwigslust"]
[BlackTeam "SK München SO"]

1. d4 d5 2. c4 c6 3. Nf3 Nf6 4. Nc3 e6 5. Bg5 Be7 6. e3 Nbd7 7. Bd3 dxc4 8.
Bxc4 b5 9. Bd3 Bb7 10. O-O a6 11. Rc1 c5 12. Ne5 cxd4 13. exd4 Nb6 14. Bb1 h6
15. Bh4 Rc8 16. Qd3 Nc4 17. Nxc4 Rxc4 18. Rfd1 Nd5 19. Bxe7 Qxe7 20. Nxd5 Bxd5
21. f3 Qc7 22. Rxc4 1/2-1/2